zpět

Detail výsledku týmu

R.A.M., Jablonec nad Nisou

Datum a čas kvízu

16.5 Celkem bodů Celkový počet nahraných bodů na tomto kvízu bez doplňovacích otázek.
21. Pořadí na kvízu Konečné umístění týmu na tomto kvízu.

Zaznamenané odpovědi

# Otázka Odpověď Body Výsledky
1. Která sázková společnost posla... Fortuna 1
2. V úterý bylo poničeno oblíbené... Podhájska 1
3. V sobotu 26.8. proběhl v Jablo... Mydy 0
4. Společnost Agrofert minulý týd... Synthesia, Mafra, LONDA 1
5. V pátek se v Monaku konalo los... (Glasgow) Rangers, AS Řím 0
6. Představte si, že celý život s... Zrození Planety opic 0
7. Na fotografii je zobrazen John... Sloní muž (The Elephant Man) 0
8. Ron Perlman a David Harbour se... Hellboy 0
9. Na této fotografii je Doug Jon... Tvář vody 0
10. Napište jméno herce, který byl... Benedict Cumberbatch 0